Online
Catalog

Tres libros de música en cifra para vihuela [Música impresa] : (Record no. 41703)

MARC details
000 -CABECERA
campo de control de longitud fija 00837nam a2200205 a 4500
001 - NÚMERO DE CONTROL
campo de control 000042214
005 - FECHA Y HORA DE LA ÚLTIMA TRANSACCIÓN
campo de control 20201002040019.0
008 - DATOS DE LONGITUD FIJA--INFORMACIÓN GENERAL
campo de control de longitud fija 131119s1984 sp g 000 0 spa d
020 ## - NÚMERO INTERNACIONAL ESTÁNDAR DEL LIBRO
Número Internacional Estándar del Libro 8400056809
040 ## - FUENTE DE LA CATALOGACIÓN
Centro catalogador/agencia de origen DO-SdBNP
Lengua de catalogación spa
Centro/agencia transcriptor BNPHU
100 1# - ENTRADA PRINCIPAL--NOMBRE DE PERSONA
Nombre de persona Mudarra, Alonso
9 (RLIN) 69232
245 10 - MENCIÓN DE TÍTULO
Título Tres libros de música en cifra para vihuela [Música impresa] :
Resto del título (Sevilla 1546) /
Mención de responsabilidad, etc. Alonso Madarra ; transcripción y estudio por Emilio Pujol.
260 ## - PUBLICACIÓN, DISTRIBUCIÓN, ETC.
Lugar de publicación, distribución, etc. Barcelona :
Nombre del editor, distribuidor, etc. Consejo Superior de Investigaciones Científicas,
Fecha de publicación, distribución, etc. 1984.
300 ## - DESCRIPCIÓN FÍSICA
Extensión 135 p. :
Otras características físicas il., partitura ;
Dimensiones 32 cm.
490 1# - MENCIÓN DE SERIE
Mención de serie Monumentos de la música española
Designación de volumen o secuencia 7
500 ## - NOTA GENERAL
Nota general La biblioteca posee el v. 1
700 1# - PUNTO DE ACCESO ADICIONAL--NOMBRE DE PERSONA
Nombre de persona Pujol, Emilio
9 (RLIN) 69233
710 2# - PUNTO DE ACCESO ADICIONAL--NOMBRE DE ENTIDAD CORPORATIVA
Nombre de entidad corporativa o nombre de jurisdicción como elemento de entrada Consejo Superior de Investigaciones Científicas (España)
9 (RLIN) 15178
830 #0 - PUNTO DE ACCESO ADICIONAL DE SERIE-TÍTULO UNIFORME
Título uniforme Monumentos de la música española
Designación de volumen o secuencia 7
9 (RLIN) 65588
Holdings
Estado de retiro Estado de pérdida Restricciones de uso No para préstamo Código de colección Localización permanente Ubicación/localización actual Ubicación en estantería Fecha de adquisición Número de inventario Total de préstamos Signatura topográfica completa Código de barras Fecha visto por última vez Precio válido a partir de Tipo de ítem Koha
      Excluido de préstamo Monografías: Libros y Folletos General General En catalogación 19.11.2013 LF1   42214-10 25.06.2020 25.06.2020 No se presta

Powered by Koha